Random Name a Valid UFC Fighter - Statistics

General Stats
  • This quiz has been taken 910 times
    20 since last reset
  • The average score is 22 of 25
Answer Stats
Name a valid UFC fighter... Fighter % Correct
Current champions with at least 3 title defences(defences in any weight class) Alexander Volkanovski | Islam Makhachev
100%
Champions defeated by Ilia Topuria Alexander Volkanovski | Max Holloway | Charles Oliveira
100%
Australian champions Alexander Volkanovski | Robert Whittaker | Jack Della Maddalena
100%
Fighter of the year winners Alex Pereira | Leon Edwards | Alexander Volkanovski | Kamaru Usman | Israel Adesanya | Daniel Cormier | Max Holloway | Conor McGregor | Robbie Lawler | Chris Weidman | Jon Jones | Jose Aldo | GSP | Anderson Silva
100%
Stipe Miocic's successful title defences Alistair Overeem | Junior Dos Santos | Francis Ngannou | Daniel Cormier
100%
Middleweight champions with 3+ title defences Anderson Silva | Israel Adesanya | Chris Weidman
100%
Champions defeated by Israel Adesanya Anderson Silva | Robert Whittaker | Alex Pereira
100%
Interim champions who never won undisputed belts Antonio Rodrigo Nogueira | Shane Carwin | Ciryl Gane | Carlos Condit | Colby Covington | Tony Ferguson | Dustin Poirier | Justin Gaethje | Yair Rodriguez
100%
Fighters with 10+ decision victories Belal Muhammad | Merab Dvalishvili | Rafael Dos Anjos | Neil Magny | Kamaru Usman | Brad Tavares | Robert Whittaker | Jose Aldo | Darren Elkins | GSP | Frankie Edgar
100%
Welterweight champions without a single title defence Carlos Newton | BJ Penn | Matt Serra | Johny Hendricks | Belal Muhammad | Jack Della Maddalena | Islam Makhachev
100%
Fighters who have defeated Dustin Poirier in the UFC Chan Sung Jung | Cub Swanson | Conor McGregor | Michael Johnson | Khabib Nurmagomedov | Charles Oliveira | Justin Gaethje | Islam Makhachev | Max Holloway
100%
Fighters with 10+ submissions Charles Oliveira | Jim Miller | Demian Maia | Gerald Meerschaert | Nate Diaz
100%
Fighters with 15+ finishes in the UFC Charles Oliveira | Jim Miller | Donald Cerrone | Matt Brown | Dustin Poirier | Derrick Lewis
100%
Bantamweight champions with no title defences Cody Garbrandt | Petr Yan
100%
Main event fighters in top 5 most sold PPVs in the history of the UFC Conor McGregor | Khabib Nurmagomedov | Dustin Poirier | Nate Diaz | Donald Cerrone
100%
Fighters with no-contest bouts in title fights Daniel Cormier | Jon Jones | Tom Aspinall | Ciryl Gane
100%
Middleweight champions with no title defences Dave Menne | Evan Tanner | Luke Rockhold | Georges St - Pierre | Robert Whittaker | Alex Pereira | Sean Strickland | Khamzat Chimaev
100%
Flyweight champions Demetrious Johnson | Henry Cejudo | Deiveson Figueiredo | Brandon Moreno | Alexandre Pantoja | Joshua Van
100%
Bantamweight champions with the joint most title defences Dominick Cruz | T.J. Dillashaw | Aljamain Sterling | Merab Dvalishvili
100%
Fighters who became champions in 2024 Dricus Du Plessis | Ilia Topuria | Belal Muhammad | Merab Dvalishvili
100%
Fighters who have defeated Max Holloway in the UFC Dustin Poirier | Dennis Bermudez | Conor McGregor | Alexander Volkanovski | Ilia Topuria | Charles Oliveira
100%
Interim champions defeated by Khabib Nurmagomedov Dustin Poirier | Justin Gaethje
100%
Countries represented by the current undisputed champions England | New Zealand | United Arab Emirates | Russia | Georgia | Australia | Myanmar
100%
African champions Francis Ngannou | Dricus Du Plessis | Israel Adesanya | Kamaru Usman
100%
Canadian champions Georges St-Pierre | Carlos Newton
100%
Two Division champions Henry Cejudo | Conor McGregor | Ilia Topuria | BJ Penn | Islam Makhachev | Georges St-Pierre | Alex Pereira | Randy Couture | Daniel Cormier | Jon Jones
100%
Featherweight champions Ilia Topuria | Alexander Volkanovski | Max Holloway | Conor McGregor | Jose Aldo
100%
Fighters who became champions in the featherweight and lightweight divisions Ilia Topuria | Conor McGregor
100%
Current undefeated champions Ilia Topuria | Khamzat Chimaev
100%
Georgian champions Ilia Topuria | Merab Dvalishvili
100%
Submission of the year winners Islam Makhachev | Diego Lopes | Charles Oliveira | Khabib Nurmagomedov | Demian Maia | Zabit Magomedsharipov | Demetrious Johnson | Nate Diaz | Ben Saunders | Urijah Faber | Frank Mir | TKZ | GSP
100%
Fighters who have competed with the golden UFC gloves Islam Makhachev | Dustin Poirier | Alex Pereira | Jiri Prochazka | Leon Edwards | Belal Muhammad | Tom Aspinall | Curtis Blaydes | Merab Dvalishvili | Sean O'Malley | Dricus Du Plessis | Israel Adesanya | Khalil Rountree | Ilia Topuria | Max Holloway
100%
Fighters who have defeated Alex Pereira in the UFC Israel Adesanya | Magomed Ankalaev
100%
UFC Champions from Dana White's Contender Series (DWCS) Jamahal Hill | Sean O'Malley | Jack Della Maddalena
100%
Fighters who have defeated Israel Adesanya Jan Blachowicz | Alex Pereira | Sean Strickland | Dricus Du Plessis | Nassourdine Imavov
100%
American undisputed lightweight champions Jens Pulver | Sean Sherk | BJ Penn | Frankie Edgar | Benson Henderson | Anthony Pettis | Eddie Alvarez
100%
Fighters with 40+ fights in the UFC Jim Miller | Andrei Arlovski
100%
Fighters who missed weights in title bouts Joe Riggs | Travis Lutter | Yoel Romero | Deiveson Figueiredo | Charles Oliveira
100%
Champions with 10+ title defences Jon Jones | Demetrious Johnson | Anderson Silva
100%
Top 5 champions with most title defences (Tied 5th place) Jon Jones | Demetrious Johnson | Anderson Silva | Georges St-Pierre | Matt Hughes | Jose Aldo
100%
Champions who have defended their titles at least 5 times Jon Jones | Demetrious Johnson | Anderson Silva | GSP | Matt Hughes | Jose Aldo | Alexander Volkanovski | Kamaru Usman | Israel Adesanya | Tito Ortiz
100%
Top 5 fighters with the longest combined pound for pound reign Jon Jones | Demetrious Johnson | Islam Makhachev | Daniel Cormier | Kamaru Usman
100%
Champions with title defences in two different weight classes Jon Jones | Henry Cejudo | Daniel Cormier
100%
Fighters with 4+ wins and 0 losses in title bouts Jon Jones | Islam Makhachev | Frank Shamrock | Khabib Nurmagomedov
100%
Champions under the age of 25 Jon Jones | Jose Aldo | Josh Barnett | Carlos Newton | Joshua Van
100%
Fighters who finished their opponents in less than 10 seconds Jorge Masvidal | Duane Ludwig | Todd Duffee | Chang Sung Jung | Ryan Jimmo | Terrance McKinney | Don Frye | James Irvin | Leon Edwards | Makwan Amirkhani | Oleg Taktarov
100%
BMF belt holders Jorge Masvidal | Justin Gaethje | Max Holloway | Charles Oliveira
100%
Fighters who have competed for the BMF belt Jorge Masvidal | Nate Diaz | Justin Gaethje | Dustin Poirier | Max Holloway | Charles Oliveira
100%
Champions defeated by Merab Dvalishvili Jose Aldo | Petr Yan | Henry Cejudo | Sean O'Malley
100%
Current champions without title defences(defences in any weight class) Joshua Van | Petr Yan | Khamzat Chimaev | Carlos Ulberg | Tom Aspinall
100%
Brazilian champions Junior Dos Santos | Fabricio Werdum | Vitor Belfort | Lyoto Machida | Mauricio Rua | Glover Teixeira | Alex Pereira | Murilo Bustamante | Anderson Silva | Rafael Dos Anjos | Charles Oliveira | Jose Aldo | Renan Barao | Deiveson Figueiredo | Alexandre Pantoja
100%
Champions with exactly 5 title defences Kamaru Usman | Israel Adesanya | Tito Ortiz
100%
Champions defeated by Khamzat Chimaev Kamaru Usman | Robert Whittaker | Dricus Du Plessis
100%
Fighters with 5 UFC wins in a calendar year Kevin Holland | Roger Huerta | Neil Magny
100%
Fighters with 15+ successful takedowns in a single bout Khabib Nurmagomedov | Merab Dvalishvili | Sean Sherk
100%
Heavyweight champions without a single title defence Mark Coleman | Bas Rutten | Josh Barnett | Ricco Rodriguez | Frank Mir | Fabricio Werdum | Tom Aspinall
100%
20th Century champions Mark Coleman | Maurice Smith | Randy Couture | Bas Rutten | Kevin Randleman | Frank Shamrock | Tito Ortiz | Pat Miletich
100%
Champions defeated by Jon Jones Mauricio Rua | Quinton Jackson | Lyoto Machida | Rashad Evans | Vitor Belfort | Glover Teixeira | Daniel Cormier | Stipe Miocic
100%
Champions defeated by Dustin Poirier Max Holloway | Anthony Pettis | Eddie Alvarez | Conor McGregor
100%
Champions defeated by Conor McGregor Max Holloway | Jose Aldo | Eddie Alvarez
100%
KO of the year winners Max Holloway | Leon Edwards | Michael Chandler | Joaquin Buckley | Jorge Masvidal | Francis Ngannou | Mark Hunt | Vitor Belfort | Edson Barboza | Anderson Silva | Mauricio Rua | Dan Henderson | Wanderlei Silva
100%
Fighters with 250+ significant strikes landed in a single fight Max Holloway | Rob Font
100%
Fighters with 2000+ significant strikes landed Max Holloway | Sean Strickland
100%
Fighters with 90+ successful takedowns Merab Dvalishvili | Georges St-Pierre
100%
Champions who successfully defended their belts at least once in 2025 Merab Dvalishvili | Islam Makhachev | Dricus Du Plesiss | Alexandre Pantoja
100%
British (English) champions Michael Bisping | Leon Edwards | Tom Aspinall
100%
Fighters who have defeated Conor McGregor in the UFC Nate Diaz | Khabib Nurmagomedov | Dustin Poirier
100%
Jon Jones' successful title defences Quinton Jackson | Lyoto Machida | Rashad Evans | Vitor Belfort | Chael Sonnen | Alexander Gustafsson | Glover Teixeira | Daniel Cormier | Anthony Smith | Thiago Santos | Dominick Reyes | Stipe Miocic
100%
Champions defeated by Tony Ferguson Rafael Dos Anjos | Anthony Pettis
100%
Champions defeated by Khabib Nurmagomedov Rafael Dos Anjos | Conor McGregor
100%
Top 5 fighters with the most PPV main events Randy Couture | Jon Jones | Anderson Silva | Tito Ortiz | Georges St - Pierre
100%
Heavyweight champions with at least 2 title defences Randy Couture | Tim Sylvia | Brock Lesnar | Cain Velasquez | Stipe Miocic
100%
Tournament winners Royce Gracie | Steve Jennum | Dan Severn | Oleg Taktarov | Marco Ruas | Don Frye | Mark Coleman | Vitor Belfort | Jerry Bohlander | Randy Couture | Guy Mezger | Mark Kerr | Kevin Jackson | Kazushi Sakuraba | Pat Miletich | Dan Henderson | Kenichi Yamamoto | Demetrious Johnson
100%
Undisputed champions who successfully defended their belts at least once in 2024 Sean O'Malley | Alex Pereira | Alexandre Pantoja | Islam Makhachev | Dricus Du Plessis | Ilia Topuria | Jon Jones
100%
Current undisputed champions Tom Aspinall | Carlos Ulberg | Khamzat Chimaev | Islam Makhachev | Ilia Topuria | Alexander Volkanovski | Petr Yan | Joshua Van
100%
Fighters with the record of 0-3 in undisputed title fights Urijah Faber | Kenny Floarian | Dustin Poirier | Colby Covington | Chael Sonnen | Alexander Gustafsson
100%
Countries that have hosted at least one UFC event USA | Canada | United Kingdom | United Arab Emirates | Australia | Japan | China | Germany | Singapore | Sweden | France | Ireland | New Zealand | Russia | Netherlands | Poland | South Korea | Chile | Croatia | Czech Republic | Denmark | Philippines | Saudi Arabia | Uruguay | Brazil | Mexico | Azerbaijan | Qatar
100%
Israel Adesanya's successful title defences Yoel Romero | Paulo Costa | Marvin Vettori | Robert Whittaker | Jared Cannonier
100%
Lightweight champions with 3+ title defences BJ Penn | Frankie Edgar | Benson Henderson | Khabib Nurmagomedov | Islam Makhachev
88%
Nigerian champions Kamaru Usman | Israel Adesanya
88%
Interim champions who defended their belts Andrei Arlovski | Tom Aspinall | Renan Barao
86%
Alex Pereira's successful title defences Jamahal Hill | Jiri Prochazka | Khalil Rountree
86%
Islam Makhachev's successful title defences Alexander Volkanovski | Dustin Poirier | Renato Moicano
83%
Champions who won vacant belts Bas Rutten | Kevin Randleman | Ricco Rodriguez | Frank Mir | Jon Jones | Tito Ortiz | Daniel Cormier | Jan Blachowicz | Jamahal Hill | Alex Pereira | Evan Tanner | Matt Hughes | Johny Hendricks |Sean Sherk | BJ Penn | Khabib Nurmagomedov | Charles Oliveira | Islam Makhachev | Henry Cejudo | Petr Yan | Deiveson Figueiredo | Alexander Volkanovski | Ilia Topuria | Carlos Ulberg
83%
Fighters with 3+ submissions in title bouts Demetrious Johnson | Jon Jones | Islam Makhachev | BJ Penn | Matt Hughes | Khabib Nurmagomedov
83%
Lightweight champions with 0 title defences Eddie Alvarez | Conor McGregor | Ilia Topuria
83%
First champions of each UFC division Mark Coleman | Frank Shamrock | Dave Menne | Pat Miletich | Jens Pulver | Jose Aldo | Dominick Cruz | Demetrious Johnson
83%
Fighters with 15+ bonuses Charles Oliveira | Donald Cerrone | Nate Diaz | Jim Miller | Dustin Poirier
80%
Champions with 2000+ days as champions Jon Jones | Anderson Silva | Georges St-Pierre | Demetrious Johnson | Jose Aldo
80%
Fighters with hall of fame fights Anderson Silva | Chael Sonnen | Robbie Lawler | Rory Macdonald | Cub Swanson | Doo Ho Choi | Jon Jones | Alexander Gustafsson | Diego Sanchez | Clay Guida | Mauricio Rua | Dan Henderson | Mark Coleman | Pete Williams | Matt Hughes | Frank Trigg | Forrest Griffin | Stephan Bonnar | Israel Adesanya | Kevin Gastelum
75%
European champions Bas Rutten | Andrei Arlovski | Jiri Prochazka | Jan Blachowicz | Michael Bisping | Leon Edwards | Islam Makhachev | Khabib Nurmagomedov | Conor McGregor | Ilia Topuria | Merab Dvalishvili | Petr Yan | Magomed Ankalaev | Tom Aspinall
75%
Champions who lost their belts in 2025 Belal Muhammad | Alex Pereira | Dricus Du Plessis | Magomed Ankalaev | Jack Della Maddalena | Alexandre Pantoja | Merab Dvalishvili
75%
Champions who vacated their belts in 2025 Ilia Topuria | Islam Makhachev | Jon Jones
75%
Fighters who have defeated GSP Matt Hughes | Matt Serra
75%
Champions from the Caucasus region Merab Dvalishvili | Ilia Topuria | Islam Makhachev | Khabib Nurmagomedov | Magomed Ankalaev | Khamzat Chimaev
75%
Fighters who have held the #1 spot in the pound for pound rankings Ilia Topuria | Islam Makhachev | Jon Jones | Alexander Volkanovski | Kamaru Usman | Khabib Nurmagomedov | Daniel Cormier | Demetrious Johnson | Jose Aldo | Anderson Silva
71%
Interim champions Andrei Arlovski | Antonio Rodrigo Nogueira | Frank Mir | Shane Carwin | Fabricio Werdum | Cyril Gane | Tom Aspinall | Randy Couture | Jon Jones | Robert Whittaker | Israel Adesanya | GSP | Carlos Condit | Colby Covington | Tony Ferguson | Dustin Poirier | Justin Gaethje | Conor McGregor | Jose Aldo | Max Holloway | Yair Rodriguez | Renan Barao | Petr Yan | Brandon Moreno
67%
Fighters with 3+ submissions in title bouts Demetrious Johnson | Jon Jones | Islam Makhachev | BJ Penn | Matt Hughes | Khabib Nurmagomedov
67%
Fighters who became champions in 2025 Magomed Ankalaev | Alexander Volkanovski | Jack Della Maddalena | Tom Aspinall | Ilia Topuria | Khamzat Chimaev | Alex Pereira | Islam Makhachev | Joshua Van | Petr Yan
67%
Champions over the age of 40 Randy Couture | Glover Teixeira | Daniel Cormier
67%
Light Heavyweight champions without a single title defence Randy Couture | Vitor Belfort | Forrest Griffin | Rashad Evans | Mauricio Rua | Glover Teixeira | Jiri Prochazka | Jamahal Hill | Magomed Ankalaev | Carlos Ulberg
67%
Fighters with 40+ submission attempts Charles Oliveira | Jim Miller
60%
Kamaru Usman's successful title defences Colby Covington | Jorge Masvidal | Gilbert Burns
60%
Fighters who drew for the vacant belt Jan Blachowicz | Magomed Ankalaev | BJ Penn | Caol Uno
60%
Fighters with 20+ decisions in the UFC Rafael Dos Anjos | Diego Sanchez | Jim Miller | Clay Guida
60%
Top 3 fighters with the most consecutive finishes ( Joint 3rd place ) Royce Gracie | Anderson Silva | Charles Oliveira | Chuck Liddell
57%
Fighters with 15+ win streaks Anderson Silva | Kamaru Usman | Islam Makhachev
50%
Interim champions who got promoted to undisputed championship without fighting for it Andrei Arlovski | Tom Aspinall | Robert Whittaker | Jose Aldo | Renan Barao
50%
Fighters with 5+ consecutive KOs Chuck Liddell | Sergei Pavlovich | Don Frye | Conor McGregor | Tai Tuivasa | Steve Garcia | Ricco Rodriguez | Thiago Alves | Matt Brown | Stipe Miocic | Mairbek Taisumov | Francis Ngannou
50%
Champions who defended their belts 3 times in a calendar year(Jan 1 - Dec 31) Frank Shamrock | Tito Ortiz | Chuck Liddell | Alex Pereira | Matt Hughes | Kamaru Usman | Merab Dvalishvili | Demetrious Johnson
50%
Asian champions (Representing Asian nations) Joshua Van | Belal Muhammad | Khamzat Chimaev
50%
Fighters Khabib defeated in non title fights Kamal Shalorus | Gleison Tibau | Thiago Tavares | Abel Trujillo | Pat Healy | Rafael Dos Anjos | Darrel Horcher | Michael Johnson | Edson Barboza
50%
Fighters with multiple tournament wins Royce Gracie | Dan Severn | Mark Coleman | Mark Kerr
50%
Main Event fighters of the UFC event with the biggest gate Sean O'Malley | Merab Dvalishvili
50%
Champions who defended their belts via draws Tyron Woodley | Frankie Edgar | Deiveson Figueiredo
50%
Fighters with 5+ KOs in title bouts Anderson Silva | Alex Pereira | Matt Hughes | Randy Couture | Chuck Liddell | TJ Dillashaw
33%
TUF Winners who became UFC champions Forrest Griffin | Rashad Evans | Michael Bisping | Matt Serra | Robert Whittaker | Kamaru Usman
33%
Fighters who lost their titles in 2024 Sean Strickland | Alexander Volkanovski | Leon Edwards | Sean O'Malley | Justin Gaethje
33%
Fighters with 5+ consecutive submissions Royce Gracie | Demian Maia
29%
Brock Lesnar's successful title defences Frank Mir | Shane Carwin
25%
Fighters with 15+ title bouts Jon Jones | Georges St - Pierre | Randy Couture
0%
Champions defeated by Alex Pereira Sean Strickland | Israel Adesanya | Jan Blachowicz | Jiri Prochazka | Jamahal Hill | Magomed Ankalaev
0%
No matching quizzes found
Score Distribution
Percent of People with Each Score
Percentile by Number Answered
Your Score History
You have not taken this quiz since the last reset